Normal view
MARC view
- Psychology, General
Entry Topical Term
001 - CONTROL NUMBER
- control field: 197
003 - CONTROL NUMBER IDENTIFIER
- control field: OSt
005 - DATE AND TIME OF LATEST TRANSACTION
- control field: 20151030134812.0
008 - FIXED-LENGTH DATA ELEMENTS
- fixed length control field: 151030|| aca||babn | a|a d
040 ## - CATALOGING SOURCE
- Original cataloging agency: OSt
150 ## - HEADING--TOPICAL TERM
- Topical term or geographic name entry element: Psychology, General
